Eastern Utah Libraries Catalog: Duchesne, Heber, Roosevelt, & Vernal

The finest hours : (Record no. 144844)

MARC details
000 -LEADER
fixed length control field 01671pam a2200397 a 4500
008 - FIXED-LENGTH DATA ELEMENTS--GENERAL INFORMATION
fixed length control field 080602s2009 nyua b 001 0 eng
010 ## - LIBRARY OF CONGRESS CONTROL NUMBER
LC control number 2008024259
020 ## - INTERNATIONAL STANDARD BOOK NUMBER
International Standard Book Number 9781416567219 (trade : alk. paper)
020 ## - INTERNATIONAL STANDARD BOOK NUMBER
International Standard Book Number 1416567216 (trade : alk. paper)
040 ## - CATALOGING SOURCE
Original cataloging agency DLC
Transcribing agency DLC
Modifying agency ICrlF
043 ## - GEOGRAPHIC AREA CODE
Geographic area code n-us-ma
050 00 - LIBRARY OF CONGRESS CALL NUMBER
Classification number G530.P418
Item number T68 2009
082 04 - DEWEY DECIMAL CLASSIFICATION NUMBER
Classification number 910/.9163/46
Edition number 22
035 ## - SYSTEM CONTROL NUMBER
System control number (IMchF)fol12134214
005 - DATE AND TIME OF LATEST TRANSACTION
control field 20241220145433.0
001 - CONTROL NUMBER
control field 91723
003 - CONTROL NUMBER IDENTIFIER
control field DCL
100 1# - MAIN ENTRY--PERSONAL NAME
Personal name Tougias, Mike,
Dates associated with a name 1955-
9 (RLIN) 6305981
245 14 - TITLE STATEMENT
Title The finest hours :
Remainder of title the true story of the U.S. Coast Guard's most daring sea rescue /
Statement of responsibility, etc Michael J. Tougias and Casey Sherman.
250 ## - EDITION STATEMENT
Edition statement 1st Scribner hardcover ed.
260 ## - PUBLICATION, DISTRIBUTION, ETC. (IMPRINT)
Place of publication, distribution, etc New York :
Name of publisher, distributor, etc Scribner,
Date of publication, distribution, etc 2009.
300 ## - PHYSICAL DESCRIPTION
Extent xiii, 204 p. :
Other physical details ill. ;
Dimensions 24 cm.
520 ## - SUMMARY, ETC.
Summary, etc Tells the true story of the heroic rescue at sea by the U.S. Coast Guard off Cape Cod during the winter 1952 when two oil tankers split in two during a storm.
504 ## - BIBLIOGRAPHY, ETC. NOTE
Bibliography, etc Includes bibliographical references (p. 199-202) and index.
521 2# - TARGET AUDIENCE NOTE
Target audience note Adult
Source Follett Library Resources
610 20 - SUBJECT ADDED ENTRY--CORPORATE NAME
Corporate name or jurisdiction name as entry element Pendleton (Tanker)
9 (RLIN) 6305982
610 20 - SUBJECT ADDED ENTRY--CORPORATE NAME
Corporate name or jurisdiction name as entry element CG36500 (Lifeboat)
9 (RLIN) 6305983
650 #0 - SUBJECT ADDED ENTRY--TOPICAL TERM
Topical term or geographic name as entry element Shipwrecks
Geographic subdivision Massachusetts
-- Chatham
General subdivision History.
9 (RLIN) 6422587
650 #0 - SUBJECT ADDED ENTRY--TOPICAL TERM
Topical term or geographic name as entry element Survival after airplane accidents, shipwrecks, etc.
General subdivision History.
9 (RLIN) 6522687
610 27 - SUBJECT ADDED ENTRY--CORPORATE NAME
Corporate name or jurisdiction name as entry element Pendleton (Tanker)
Source of heading or term sears
9 (RLIN) 6305982
610 27 - SUBJECT ADDED ENTRY--CORPORATE NAME
Corporate name or jurisdiction name as entry element CG36500 (Lifeboat)
Source of heading or term sears
9 (RLIN) 6305983
650 #7 - SUBJECT ADDED ENTRY--TOPICAL TERM
Topical term or geographic name as entry element Shipwrecks
Geographic subdivision Chatham (Mass.)
General subdivision History.
Source of heading or term sears
9 (RLIN) 6522688
650 #7 - SUBJECT ADDED ENTRY--TOPICAL TERM
Topical term or geographic name as entry element Survival after airplane accidents, shipwrecks, etc.
General subdivision History.
Source of heading or term sears
9 (RLIN) 6522687
700 1# - ADDED ENTRY--PERSONAL NAME
Personal name Sherman, Casey,
Dates associated with a name 1969-
9 (RLIN) 6305987
942 ## - ADDED ENTRY ELEMENTS (KOHA)
Koha item type UNKNOWN
Holdings
Withdrawn status Lost status Source of classification or shelving scheme Damaged status Not for loan Collection code Home library Current library Shelving location Date acquired Source of acquisition Cost, normal purchase price Total Checkouts Total Renewals Full call number Barcode Date last seen Date checked out Cost, replacement price Price effective from Koha item type
    Dewey Decimal Classification     General NonFiction Wasatch County Library Wasatch County Library Second Floor 06/17/2009   25.00 14 3 910.916 Tou 34301000859480 04/26/2024 09/19/2022 25.00 03/20/2020 BOOK
This project was made possible through a grant from the Institute of Museum and Library Service administered by the Utah State Library Division.

Wasatch County Library

  • 465 East 1200 South, Heber City, Utah 84032
  • Phone 435-654-1511 | Fax 435-654-6456

Hours

  • Monday - Friday 9:30 AM - 8:00 PM
  • Saturday 9:30 AM - 1:30 PM
  • Closed Sundays and Holidays